000 00683nam a2200229Ia 4500
001 9668
003 GE_BSU
008 181216s||||||||xx |||||||||||||| ||und||
040 _cGE_BSU
080 _a821.353.1–94
100 _aნაკაშიძე,ნინო
245 _aრჩეული ტ.3
245 _bმოგონებები
245 _cრედ.ბეზარაშვილი,მხატვ. ლ.ავალიანი
260 _aთბილისი
260 _bნაკადული
260 _c1963
300 _a328გვ.20სმ.
653 _aმოგონებები
653 _aრჩეული
942 _cBK
999 _c42952
_d42952